00642nam a2200229 a 450000100060000000300080000600500170001400800410003103500190007204000320009104100080012308200280013110000260015924500480018525000140023326000520024730000250029950000220032450400300034665000190037665000170039562366BD-RjUL20211209081056.0170123s1980 nyu b 001 1 eng d a(BD-RjUL)62492 aDLCcDLCdDLCdBD-RjULbeng aeng00a808.831223 bSCS 1980 1 aScott, Virgil,d1914-10aStudies in the short story /cVirgil Scott  a5th ed.  aNew York :bHolt, Rinehart and Winston,cc1980. aix, 566 p. ;c24 cm. aIncludes indexes. aBibliography: p. 552-556. 0aShort stories. 0aShort story.